La civilisation Byzantine, 330-1453 /

محفوظ في:

المؤلف الرئيسي: Runciman, Steven, 1903-2000 (مؤلف)

التنسيق: كتاب

اللغة: French

منشور في: Paris : Payot, 1934.

سلاسل: Bibliothèque historique.

الموضوعات:

الوسوم: إضافة وسم

لا توجد وسوم, كن أول من يضع وسما على هذه التسجيلة!

رقم الطلب: DF531 .R8 1934

LEADER 00690nam a2200229I 4500
001 7559
003 OSt
005 20260106095010.0
008 130303s1934 fr 000 0 fre d
040 |c ARCE Library 
043 |a mm----- 
050 4 |a DF531 .R8 1934 
100 1 |a Runciman, Steven,  |d 1903-2000,  |e author  |9 38786 
240 1 0 |a Byzantine civilisation.   |l French 
245 1 3 |a La civilisation Byzantine,   |b 330-1453 /   |c Steven Runciman ; Traduit de l'anglais par E . J. Levy. 
264 1 |a Paris :  |b Payot,  |c 1934. 
300 |a 341 pages ;  |c 23 cm. 
490 0 |a Bibliothèque historique. 
651 0 |a Byzantine Empire  |x Civilization. 
901 |a reviewed 
942 |c BK  |2 lcc 
999 |c 9182  |d 9182